सरीसृप और उभयचरों का रोचक संसार / (Record no. 14002)

MARC details
000 -LEADER
fixed length control field 01290nam a22002537a 4500
005 - DATE AND TIME OF LATEST TRANSACTION
control field 20081030115958.0
008 - FIXED-LENGTH DATA ELEMENTS--GENERAL INFORMATION
fixed length control field 080625t xxu||||| |||| 00| 0 hin d
010 ## - LCCN (DPL NO)
LC control number HIN-83635
020 ## - INTERNATIONAL STANDARD BOOK NUMBER
International Standard Book Number 8190157884
Terms of availability 200.00
035 ## - SYSTEM CONTROL NUMBER
System control number HN-55981
037 ## - SOURCE OF ACQUISITION
Source of stock number/acquisition पु.प्र.अ.प्र./प्रका
040 ## - CATALOGING SOURCE
Original cataloging agency DPL
Language of cataloging HN
082 ## - DEWEY DECIMAL CLASSIFICATION NUMBER
Classification number 597.9 / परदे
100 ## - MAIN ENTRY--PERSONAL NAME
Personal name परदेशी, अनुपम
245 ## - TITLE STATEMENT
Title सरीसृप और उभयचरों का रोचक संसार /
Statement of responsibility, etc अनुपम परदेशी
246 ## - VARYING FORM OF TITLE
Title proper/short title Sarisrip aur ubhayacharon ka rochak sansar
Remainder of title by Anupam Pardeshi
260 ## - PUBLICATION, DISTRIBUTION, ETC. (IMPRINT)
Place of publication, distribution, etc दिल्ली
Name of publisher, distributor, etc ग्रामोदय प्रकाशन
Date of publication, distribution, etc 2007
270 ## - ADDRESS
Address 511/2, पांडव रोड, विश्वास नगर
City दिल्ली
Postal code 110032
300 ## - PHYSICAL DESCRIPTION
Extent 136पृ
Dimensions 22सेमी(सजिल्द)
Other physical details सचित्र
490 ## - SERIES STATEMENT
Series statement लोकप्रिय विज्ञान माला
650 ## - SUBJECT ADDED ENTRY--TOPICAL TERM
Topical term or geographic name as entry element Zoology
942 ## - ADDED ENTRY ELEMENTS (KOHA)
Item type Hindi Books
Source of classification or shelving scheme Dewey Decimal Classification
Classification part 597.9
Call number suffix परदे
Holdings
Withdrawn status Lost status Damaged status Not for loan Collection code Home library Current library Date acquired Source of acquisition Cost, normal purchase price Total Checkouts Full call number Barcode Date last seen Copy number Cost, replacement price Koha item type
      Not For Loan Non-fiction D.B.Act.Division D.B.Act.Division 25/06/2008 पु.प्र.अ.प्र /प्रका 200.00   597.9 परदे HN-55981 15/09/2008 1 200.00 Hindi Books

© Delhi Public Library
Hit Counter
free hit counter